000 03957nam a22003137a 4500
001 9211
003 FISKH
005 20251202124224.0
008 251202b cb ||||| |||| 00| 0 eng d
020 _a9789996301124
040 _aFISKH
_bkhr
_cFISKH
_dFISKH
050 _aPZ7
082 _a398.2
100 _aSotheary , Kimsun
245 _aប្រពន្ធខ្ញុំខ្មោច :
_bMy wives are ghosts /
_cនិពន្ធដោយ គឹមស៊ុន សុធារី , វិចិត្រកររូបភាពដោយ ថៃ សាន
260 _aPhnom Penh :
_bReading Books ,
_c2010.
300 _a24 pages :
_bcolor illustrations ;
_c25 cm .
490 _aពិភពរឿងនិទាន
505 _aK
520 _aមានប្តីប្រពន្ធក្រីក្រទើបរៀបការថ្មីៗ ។ ថ្ងៃមួយប្រពន្ធក៏ទៅខ្ចីលុយគេដើម្បីអោយប្តីទៅធ្វើការនៅស្រុកឆ្ងាយ ។ ដោយចាញ់កលគេប្តីត្រូវអស់លុយពីខ្លួន គាត់ពិបាកចិត្តពេកក៏ទៅលោតទឹកសម្លាប់ខ្លួន តែបានខ្មោចស្រីជួយសង្គ្រោះ ។ ពួកគេក៏បានរស់នៅជាមួយគ្នារហូតបានកូនមួយ ។ បុរសនោះក៏នឹកឃើញប្រពន្ធនៅឯស្រុកប្រមូលទ្រព្យសម្បត្តិនិងកូនមករស់នៅស្រុកវិញ ។ ថ្លែងពីប្រពន្ធនៅស្រុកដោយសារតែបាត់ប្តីយូរ ហើយផ្ទះរបស់នាងត្រូវបានគេរឹបអូស ធ្វើអោយនាងឈឺចាប់រហូតដល់ស្លាប់​ ។​ ពេលប្តីមកដល់ប្តីក៏ដឹងថាប្រពន្ធស្លាប់គាត់ក៏រត់ចោលនាង ហើយក៏ទៅរកប្រពន្ធនៅក្នុងព្រៃវិញ ។ បុរសនោះក៏បានជួបនឹងតាបស គាត់បានប្រាប់គ្រប់យ៉ាងទៅបុរសនោះ ។ គាត់មានការសោកស្តាយជាខ្មាំងក៏សុំនៅបម្រើលោកតាដើម្បីសាងអំពើល្អទៅជាតិក្រោយ ។
520 _aPoor husband and wife had just gotten married. One day, the wife went to borrow money so that her husband could travel far away to find work. Because he was deceived by others, the husband lost all his money. Feeling deeply distressed, he jumped into the water to end his life, but a female spirit saved him. The two of them then lived together and eventually had a child. The man later remembered his wife back in their village and decided to gather his belongings and his child to return home. As for his wife in the village, because her husband had been gone for so long and their house was seized by others, she suffered greatly and eventually died. When the husband arrived, he learned that his wife had passed away. Terrified, he ran away from her and went back to the spirit woman in the forest. The man then met a hermit, who told him everything. Overcome with grief and remorse, he asked to stay and serve the hermit to accumulate good deeds for his next life.
521 8 _a520
_bLexile estimate
521 8 _aK
_bRaz-Plus
650 _aប្រពន្ធខ្ញុំខ្មោច
_vរឿងនិទានកុមារ
650 _aMy wives are ghosts
_vChildren's Stories
700 _aSan, Thai
_eIllustrator
942 _2ddc
_cBK
_n0
999 _c9211
_d9211